00534nam a2200145 a 450000100100000000500170001000800410002704000250006824500160009326000580010930000200016704900090018795201750019699900170037100003119020200930062748.0110614s1911 dr 000 0 spa d aDO-SdBNPbspacBNPHU00aLágrimas. aSanto Domingo :bImprenta Moderna de J. Gneco,c1911. a39 p. ;c18 cm. aBNPD 0010718PDaPDbPDcCTd2011-06-14iLF1l0o p31190-10r2020-06-25w2020-06-25yLFPDzPerteneció a la biblioteca personal de Carlos Larrazábal Blanco.ZNo se presta c30682d30682